|
|
|
|
| LEADER |
00000nam0a2200000 4500 |
| 001 |
75803 |
| 005 |
20231031091120.0 |
| 010 |
|
|
|a 5283039331
|
| 035 |
|
|
|a (RuTPU)RU\TPU\book\80902
|
| 090 |
|
|
|a 75803
|
| 100 |
|
|
|a 20050401d1989 km y0rusy50 ca
|
| 101 |
0 |
|
|a rus
|
| 102 |
|
|
|a RU
|
| 105 |
|
|
|a a z 001zy
|
| 200 |
1 |
|
|a Ядерно-физические методы контроля делящихся веществ
|f В. В. Фролов
|
| 210 |
|
|
|a Москва
|c Энергоатомиздат
|d 1989
|
| 215 |
|
|
|a 184 с.
|c ил.
|
| 320 |
|
|
|a Библиогр.: с. 178-182.
|
| 451 |
|
1 |
|0 (RuTPU)RU\TPU\book\52959
|t Ядерно-физические методы контроля делящихся веществ
|f В. В. Фролов
|c М.
|n Атомиздат
|d 1976
|p 129 с.
|a Фролов, Владимир Васильевич
|
| 610 |
1 |
|
|a ядерная техника
|
| 610 |
1 |
|
|a ядерная технология
|
| 610 |
1 |
|
|a делящиеся материалы
|
| 610 |
1 |
|
|a ядерно-физические методы
|
| 610 |
1 |
|
|a контроль
|
| 675 |
|
|
|a 621.039.548
|v 3
|
| 700 |
|
1 |
|a Фролов
|b В. В.
|g Владимир Васильевич
|
| 801 |
|
1 |
|a RU
|b 63413507
|c 20050401
|g PSBO
|
| 801 |
|
2 |
|a RU
|b 63413507
|c 20091214
|g PSBO
|
| 900 |
|
|
|a Методы и приборы физических измерений
|
| 900 |
|
|
|a Ядерно-физические методы анализа
|
| 942 |
|
|
|c BK
|